000 00515nmm a2200169Ia 4500
008 251105s9999||||xx |||||||||||||||||und||
020 _a9788475225555
041 _aspa
100 _aMunárriz, Miguel
245 0 _aPoesía para los que leen prosa :
_b Guía útil para andar por la poesía
264 _a[Madrid, España] :
_bVisor Libros,
_c2004
300 _a220 páginas
490 _aVisor de Poesía
650 _aSpanish poetry
856 _uhttps://public.digitaliapublishing.com/a/76852
942 _cCF
999 _c84974
_d84974